Welcome to CU Library Online Public Access Catalogue (OPAC)

Merrill World Geography: (Record no. 5468)

MARC details
000 -LEADER
fixed length control field 00563nam a22001817a 4500
005 - DATE AND TIME OF LATEST TRANSACTION
control field 20250414173109.0
008 - FIXED-LENGTH DATA ELEMENTS--GENERAL INFORMATION
fixed length control field 250414b |||||||| |||| 00| 0 eng d
020 ## - INTERNATIONAL STANDARD BOOK NUMBER
International Standard Book Number 9780675022880
050 ## - LIBRARY OF CONGRESS CALL NUMBER
Classification number GF41 HUN
100 ## - MAIN ENTRY--PERSONAL NAME
Personal name Armstrong David G.
245 ## - TITLE STATEMENT
Title Merrill World Geography:
Remainder of title People and places/
Statement of responsibility, etc. David G. Armstrong & Francis P. Hunkins
260 ## - PUBLICATION, DISTRIBUTION, ETC.
Place of publication, distribution, etc. Columbus
Name of publisher, distributor, etc. Merrill Publishing Company
Date of publication, distribution, etc. 1989
300 ## - PHYSICAL DESCRIPTION
Extent xii. 707p.
Other physical details ill. maps. (some col.)
Dimensions 27 cm
500 ## - GENERAL NOTE
General note Includes Index
650 ## - SUBJECT ADDED ENTRY--TOPICAL TERM
Source of heading or term Geography
700 ## - ADDED ENTRY--PERSONAL NAME
Personal name Hunkins Francis P.
942 ## - ADDED ENTRY ELEMENTS (KOHA)
Source of classification or shelving scheme Library of Congress Classification
Koha item type Books
Suppress in OPAC No
999 ## -
-- 5468
-- 5468
Holdings
Withdrawn status Lost status Source of classification or shelving scheme Damaged status Not for loan Collection Home library Current library Shelving location Date acquired Total checkouts Full call number Barcode Date last seen Copy number Price effective from Koha item type
    Library of Congress Classification     Non-fiction Business Library (Miotso) Business Library (Miotso) General stacks 04/14/2025   GF41 HUN BSSM00001861 04/14/2025 1 04/14/2025 Books
    Library of Congress Classification     Non-fiction Business Library (Miotso) Business Library (Miotso) General stacks 04/14/2025   GF41 HUN BSSM00001862 04/14/2025 2 04/14/2025 Books
    Library of Congress Classification     Non-fiction Business Library (Miotso) Business Library (Miotso) General stacks 04/14/2025   GF41 HUN BSSM00001863 04/14/2025 3 04/14/2025 Books
    Library of Congress Classification     Non-fiction Business Library (Miotso) Business Library (Miotso) General stacks 04/14/2025   GF41 HUN BSSM00001864 04/14/2025 4 04/14/2025 Books
© 2023-2024 Copyright: Central University Libraries. All Rights Reserved | Created by: Mahone Tech Office